02427nam a2200433uu 4500001000800000005001700008008004100025020001800066035001200084040001300096041000800109082000800117100003900125245007800164250001100242260003300253300003500286490003100321520105300352650002501405650002101430650002901451650001801480650003301498650001301531650001901544650002901563700003901592700004401631700003801675700003401713700003401747700003501781700003401816700003801850700003801888700003501926700003201961127093520260508072301.0120202s2008 spa  a9788496108554 a1270935 ccomduadb aspa 4a80110aMendoza Fillola, Antonio4edteedt10aTextos entre textos : las conexiones textuales en la formacion del lector a1. ed. aBarcelona :bHorsori,c2008. a190 páginas :bilustraciones0 aColeccion Seminarios ;v333 aEl texto literario se construye y se elabora sobre un ensamblaje de referencias que vinculan cada nueva producción con otras creaciones literarias y culturales anteriores; como explicó J. Kristeva "todo texto es absorción y transformación de otro texto", según hemos aprendido en palabras. La obra literaria reutiliza "modelos, pautas y convenciones (discursivas, estilisticas, expresivas...) que comparte, a través de su reelaboración, con otras obras del corpus que denominamos "Literatura"Este hecho hace aun más significativa la necesaria aportación de referentes por parte del lector para dar sentido a la copresencia de elementos intertextuales que pueda incluir una obra. La baae intertextual es un hecho esencial en la literatura, con la notoria relevancia para ser atendido específicamente entre los principios de la formación del lector. Se trata de atender a la funcionalidad de las conexiones intertextuales, para que el lector en formación amplíe sus experiencias de lectura y desarrolle su intertexto lector. aLectura intertextual aIntertextualidad aEstetica de la recepcion 7aLectura2lemb aActividad lectora en el aula aLectores aTexto y lector aInterpretacion del texto10aMendoza Fillola, Antonio4auieaui10aRuiz Dominguez, Maria del Mar4auteaut10aAguilar Rodenas, Consol4auteaut10aRomea Castro, Celia4auteaut10aAmo, Juan Manuel de4auteaut10aSilva, Pedro Hilario4auteaut10aPujals Perez, Gemma4auteaut10aRamos Sabate, Joan Marc4auteaut10aAmbros Pallarés, Alba4auteaut10aPascual Diez, Julian4auteaut10aDiaz Armas, Jesus4auteaut